Includes bibliographies (Record no. 15375)

000 -LEADER
fixed length control field 00588nam a22002171 4500
001 - CONTROL NUMBER
control field 15375
003 - CONTROL NUMBER IDENTIFIER
control field BD-DhUET
008 - FIXED-LENGTH DATA ELEMENTS--GENERAL INFORMATION
fixed length control field 731030m19621966njua b 000 0 eng
040 ## - CATALOGING SOURCE
Original cataloging agency DLC
Transcribing agency DLC
Modifying agency BD-DhUET
082 00 - DEWEY DECIMAL CLASSIFICATION NUMBER
Classification number 543
Item number FUR/1966
100 ## - MAIN ENTRY--PERSONAL NAME
Personal name Furman, N. Howell
245 00 - TITLE STATEMENT
Title Includes bibliographies
250 ## - EDITION STATEMENT
Edition statement 6th ed.
260 ## - PUBLICATION, DISTRIBUTION, ETC. (IMPRINT)
Place of publication, distribution, etc. New York
Name of publisher, distributor, etc. Van Nostrand Reinhold
Date of publication, distribution, etc. 1966
300 ## - PHYSICAL DESCRIPTION
Extent xi, (975-2018)p.
Other physical details ill.
500 ## - GENERAL NOTE
General note Vol.3 (Instrumental methods)
Part. B
504 ## - BIBLIOGRAPHY, ETC. NOTE
Bibliography, etc Includes bibliographies
650 #0 - SUBJECT ADDED ENTRY--TOPICAL TERM
Topical term or geographic name as entry element Chemistry, Analytic
700 ## - ADDED ENTRY--PERSONAL NAME
Personal name Welcher, Frank J.
942 ## - ADDED ENTRY ELEMENTS (KOHA)
Koha item type Edited Book
Holdings
Copy number Koha item type Koha normalized classification for sorting Damaged status Lost status Date acquired Not for loan Price effective from Piece designation (barcode) Source of classification or shelving scheme Shelving location Sublocation or collection (holding branch) Withdrawn status Location (home branch) Koha full call number Koha date last seen
1Edited Book543_000000000000000_FUR_1966  2015-03-12 2015-03-1228818 Circulation sectionCentral Library, BUET Central Library, BUET543/FUR/19662015-03-12
2Edited Book543_000000000000000_FUR_1966  2015-03-12 2015-03-1228828 Circulation sectionCentral Library, BUET Central Library, BUET543/FUR/19662015-03-12
4Edited Book543_000000000000000_FUR_1966  2015-03-12 2015-03-1228836 Circulation sectionCentral Library, BUET Central Library, BUET543/FUR/19662015-03-12
5Edited Book543_000000000000000_FUR_1966  2015-03-12 2015-03-1228831 Circulation sectionCentral Library, BUET Central Library, BUET543/FUR/19662015-03-12
6Edited Book543_000000000000000_FUR_1966  2015-03-12 2015-03-1238894 Circulation sectionCentral Library, BUET Central Library, BUET543/FUR/19662015-03-12
7Edited Book543_000000000000000_FUR_1966  2015-03-12 2015-03-1228827 Circulation sectionCentral Library, BUET Central Library, BUET543/FUR/19662018-02-20
8Edited Book543_000000000000000_FUR_1966  2015-03-12 2015-03-1228837 Circulation sectionCentral Library, BUET Central Library, BUET543/FUR/19662015-03-12
9Edited Book543_000000000000000_FUR_1966  2015-03-12 2015-03-1228826 Circulation sectionCentral Library, BUET Central Library, BUET543/FUR/19662015-03-12
10Edited Book543_000000000000000_FUR_1966  2015-03-12 2015-03-1228832 Circulation sectionCentral Library, BUET Central Library, BUET543/FUR/19662015-03-12